000 002960000a22001450004500
003 MACL
040 _aMACL
090 _c7456
_d7455
100 _aBhatta, Kumarila
245 _aSlokavarttika
260 _bThe Asiatic Society
_c1985
350 _a125
650 _aphilosophy
942 _cBOOK
_k100
999 _c7408
_d7408